000 00724nam a2200205 a 4500
001 BRCA_1502
005 20190320203444.0
008 930817s1993 mx-a---##b---#000-0#spa-#
020 _a9682947324
041 _aspaeng
050 4 _aND259
_b.B87 1993
100 1 _aBustos, Hermenegildo
_d1832-1907
_94905
245 1 0 _aHermenegildo Bustos, 1832-1907.
260 _aMéxico
_bMuseo Nacional de Arte : Museo de Arte Contemporáneo de Monterrey
_c[1993]
300 _a151 p.
_bil. a color
_c30 cm.
500 _aIncluye cronología, catálogo de obra y biografía en inglés
600 1 4 _aBustos, Hermenegildo
_d1852-1907
_vExposiciones
_94906
650 1 4 _aNaturalismo en el arte
_vExposiciones
_zMéxico
_94907
942 _2lcc
_cB
999 _c1362
_d1362